Countries at 110°E Longitude - Statistics

General Stats
  • This quiz has been taken 18 times
  • The average score is 5 of 5
Answer Stats
Country % Correct
Indonesia
100%
Russia
100%
China
94%
Mongolia
94%
Malaysia
88%
No matching quizzes found
Score Distribution
Percent of People with Each Score
Percentile by Number Answered
Your Score History
You have not taken this quiz